<?xml version="1.0" encoding="UTF-8"?><?xml-stylesheet type="text/xsl" href="static/style.xsl"?><OAI-PMH xmlns="http://www.openarchives.org/OAI/2.0/" xmlns:xsi="http://www.w3.org/2001/XMLSchema-instance" xsi:schemaLocation="http://www.openarchives.org/OAI/2.0/ http://www.openarchives.org/OAI/2.0/OAI-PMH.xsd"><responseDate>2026-04-13T18:33:26Z</responseDate><request verb="GetRecord" identifier="oai:www.recercat.cat:10459.1/63472" metadataPrefix="marc">https://recercat.cat/oai/request</request><GetRecord><record><header><identifier>oai:recercat.cat:10459.1/63472</identifier><datestamp>2024-12-05T22:31:35Z</datestamp><setSpec>com_2072_3622</setSpec><setSpec>col_2072_479130</setSpec></header><metadata><record xmlns="http://www.loc.gov/MARC21/slim" xmlns:dcterms="http://purl.org/dc/terms/" xmlns:xsi="http://www.w3.org/2001/XMLSchema-instance" xmlns:doc="http://www.lyncode.com/xoai" xsi:schemaLocation="http://www.loc.gov/MARC21/slim http://www.loc.gov/standards/marcxml/schema/MARC21slim.xsd">
   <leader>00925njm 22002777a 4500</leader>
   <datafield ind2=" " ind1=" " tag="042">
      <subfield code="a">dc</subfield>
   </datafield>
   <datafield ind2=" " ind1=" " tag="720">
      <subfield code="a">Balatsky, Viktor</subfield>
      <subfield code="e">author</subfield>
   </datafield>
   <datafield ind2=" " ind1=" " tag="720">
      <subfield code="a">Pochernyaev, Konstantin F.</subfield>
      <subfield code="e">author</subfield>
   </datafield>
   <datafield ind2=" " ind1=" " tag="720">
      <subfield code="a">Buslyk, Tetyana</subfield>
      <subfield code="e">author</subfield>
   </datafield>
   <datafield ind2=" " ind1=" " tag="720">
      <subfield code="a">Dykan, Olena S.</subfield>
      <subfield code="e">author</subfield>
   </datafield>
   <datafield ind2=" " ind1=" " tag="720">
      <subfield code="a">Korinnyi, Sergii</subfield>
      <subfield code="e">author</subfield>
   </datafield>
   <datafield ind2=" " ind1=" " tag="720">
      <subfield code="a">Pena i Subirà, Ramona Natacha</subfield>
      <subfield code="e">author</subfield>
   </datafield>
   <datafield ind2=" " ind1=" " tag="720">
      <subfield code="a">Doran, Olena</subfield>
      <subfield code="e">author</subfield>
   </datafield>
   <datafield ind2=" " ind1=" " tag="260">
      <subfield code="c">2018-06-05T07:24:33Z</subfield>
   </datafield>
   <datafield ind2=" " ind1=" " tag="260">
      <subfield code="c">2018-06-05T07:24:33Z</subfield>
   </datafield>
   <datafield ind2=" " ind1=" " tag="260">
      <subfield code="c">2015-02-11</subfield>
   </datafield>
   <datafield ind2=" " ind1=" " tag="260">
      <subfield code="c">2018-06-05T07:24:33Z</subfield>
   </datafield>
   <datafield ind2=" " ind1=" " tag="520">
      <subfield code="a">Cathepsins are a family of peptidase enzymes which are involved in the regulation of economically important traits in pigs. The aims of this study were (i) to identify the breed-specific frequency of polymorphisms in the cathepsin B (CTSB), L (CTSL), S (CTSS), and K (CTSK) genes in seven Ukrainian pig breeds, and (ii) to compare the cathepsins polymorphism frequency between Ukrainian breeds, a commonly used European meat breed (Piétrain) and a representative fat breed (Meishan). The Ukrainian breeds used were: Ukrainian Large White, Ukrainian Large Black, Poltava Meat, Myrgorod, Ukrainian Steppe Spotted, Ukrainian Landrace and Ukrainian Steppe White. The study established breed-specific differences in the allele frequencies and informativity of polymorphisms in the CTSB, CTSL, CTSS and CTSK genes in Ukrainian breeds. The following were of particular interest: locus CTSB in Ukrainian Large Black breed, locus CTSL in Ukrainian Steppe Spotted, and loci CTSS and CTSK in Myrgorod breed. The segregation of SNPs in meat quality candidate genes demonstrating intermediate or high polymorphism levels in the Ukrainian breeds Myrgorod, Ukrainian Steppe Spotted and Ukrainian Large Black is of interest for future evaluation in association studies with the view of complementing selection indexes with molecular information</subfield>
   </datafield>
   <datafield ind2=" " ind1=" " tag="520">
      <subfield code="a">This  research  was  supported  by  a  research  grant  from &#xd;
the  National  Academy  of  Agricultural  Sciences,  Ukraine &#xd;
(&#xd;
No  D&#xd;
Р  0111&#xd;
U004024&#xd;
),  EU  Marie  Curie  International &#xd;
Research    Staff    Exchange &#xd;
Grant  “Excelmeat”  (No &#xd;
246760)   and   Biotechnology   and   Biological   Sciences &#xd;
Research Council Pathfinder grant (No BB/FOF/PF/5/11).</subfield>
   </datafield>
   <datafield ind1="8" ind2=" " tag="024">
      <subfield code="a">http://hdl.handle.net/10459.1/63472</subfield>
   </datafield>
   <datafield tag="653" ind2=" " ind1=" ">
      <subfield code="a">gens candidats</subfield>
   </datafield>
   <datafield tag="653" ind2=" " ind1=" ">
      <subfield code="a">Genètica animal</subfield>
   </datafield>
   <datafield tag="653" ind2=" " ind1=" ">
      <subfield code="a">Genética molecular</subfield>
   </datafield>
   <datafield tag="653" ind2=" " ind1=" ">
      <subfield code="a">produccio animal</subfield>
   </datafield>
   <datafield tag="653" ind2=" " ind1=" ">
      <subfield code="a">Pig</subfield>
   </datafield>
   <datafield tag="653" ind2=" " ind1=" ">
      <subfield code="a">Ukrainian breeds</subfield>
   </datafield>
   <datafield tag="653" ind2=" " ind1=" ">
      <subfield code="a">Cathepsin genes</subfield>
   </datafield>
   <datafield tag="653" ind2=" " ind1=" ">
      <subfield code="a">Polymorphism frequency,</subfield>
   </datafield>
   <datafield ind2="0" ind1="0" tag="245">
      <subfield code="a">Sequence variation in the cathepsin B (CTSB), L (CTSL), S (CTSS) and K (CTSK) genes in Ukrainian pig breeds</subfield>
   </datafield>
</record></metadata></record></GetRecord></OAI-PMH>